[Event "Corsica-chT"]
[Site "Travo"]
[Date "2006.03.??"]
[Round "1.5"]
[White "Rosier, Kevin"]
[Black "Straboni, Vincent"]
[Result "1-0"]
[WhiteElo "1990"]
[BlackElo "1499"]
[PlyCount "33"]
[EventDate "2006.04.09"]
[EventType "team"]
[EventRounds "3"]
[EventCountry "FRA"]
[SourceTitle "EXT 2007"]
[Source "ChessBase"]
[SourceDate "2006.11.23"]
[SourceVersion "1"]
[SourceVersionDate "2006.11.23"]
[SourceQuality "1"]

1. e4 e5 2. Nf3 Nf6 3. Nxe5 d6 4. Nf3 Nxe4 5. d4 Be6 6. Bd3 Nf6 7. 0-0 Qd7 8. Re1 Nc6 9. c4 0-0-0 10. d5 Ne5 11. dxe6 Qxe6 12. Nxe5 dxe5 13. Qc2 Bb4 14. Bf5 Qxf5 15. Qxf5+ Kb8 16. Nc3 g6 17. Qxf6 1-0